<?xml version="1.0" encoding="UTF-8"?>
<collection xmlns="http://www.loc.gov/MARC21/slim">
 <record>
  <leader>04882cam a2200661   4500</leader>
  <controlfield tag="001">1667456806</controlfield>
  <controlfield tag="003">DE-627</controlfield>
  <controlfield tag="005">20240213075707.0</controlfield>
  <controlfield tag="007">tu</controlfield>
  <controlfield tag="008">190614s2019    be ||||| m    00| ||fre c</controlfield>
  <datafield tag="020" ind1=" " ind2=" ">
   <subfield code="a">9782804706333</subfield>
   <subfield code="c">paperback</subfield>
   <subfield code="9">978-2-8047-0633-3</subfield>
  </datafield>
  <datafield tag="020" ind1=" " ind2=" ">
   <subfield code="a">2804706338</subfield>
   <subfield code="c">paperback</subfield>
   <subfield code="9">2-8047-0633-8</subfield>
  </datafield>
  <datafield tag="035" ind1=" " ind2=" ">
   <subfield code="a">(DE-627)1667456806</subfield>
  </datafield>
  <datafield tag="035" ind1=" " ind2=" ">
   <subfield code="a">(DE-599)KXP1667456806</subfield>
  </datafield>
  <datafield tag="035" ind1=" " ind2=" ">
   <subfield code="a">(OCoLC)1158241799</subfield>
  </datafield>
  <datafield tag="040" ind1=" " ind2=" ">
   <subfield code="a">DE-627</subfield>
   <subfield code="b">ger</subfield>
   <subfield code="c">DE-627</subfield>
   <subfield code="e">rda</subfield>
  </datafield>
  <datafield tag="041" ind1=" " ind2=" ">
   <subfield code="a">fre</subfield>
  </datafield>
  <datafield tag="044" ind1=" " ind2=" ">
   <subfield code="c">XA-BE</subfield>
  </datafield>
  <datafield tag="050" ind1=" " ind2="0">
   <subfield code="a">DC</subfield>
  </datafield>
  <datafield tag="050" ind1=" " ind2="0">
   <subfield code="a">NA350</subfield>
  </datafield>
  <datafield tag="082" ind1="0" ind2=" ">
   <subfield code="a">723-724</subfield>
  </datafield>
  <datafield tag="082" ind1="0" ind2=" ">
   <subfield code="a">944</subfield>
  </datafield>
  <datafield tag="084" ind1=" " ind2=" ">
   <subfield code="a">KUNST</subfield>
   <subfield code="q">DE-16</subfield>
   <subfield code="2">fid</subfield>
  </datafield>
  <datafield tag="084" ind1=" " ind2=" ">
   <subfield code="a">21.73</subfield>
   <subfield code="2">bkl</subfield>
  </datafield>
  <datafield tag="084" ind1=" " ind2=" ">
   <subfield code="a">21.71</subfield>
   <subfield code="2">bkl</subfield>
  </datafield>
  <datafield tag="100" ind1="1" ind2=" ">
   <subfield code="a">Orgeix, Émilie d'</subfield>
   <subfield code="e">VerfasserIn</subfield>
   <subfield code="0">(DE-588)142637572</subfield>
   <subfield code="0">(DE-627)668748605</subfield>
   <subfield code="0">(DE-576)350517126</subfield>
   <subfield code="4">aut</subfield>
  </datafield>
  <datafield tag="245" ind1="1" ind2="0">
   <subfield code="a">Au pied du mur</subfield>
   <subfield code="b">bâtir le vide autour des villes (XVIe-XVIIIe siècle)</subfield>
   <subfield code="c">Emilie d'Orgeix ; préface d'Antoine Picon</subfield>
  </datafield>
  <datafield tag="264" ind1=" " ind2="1">
   <subfield code="a">Bruxelles (Belgique)</subfield>
   <subfield code="b">Mardaga</subfield>
   <subfield code="c">[2019]</subfield>
  </datafield>
  <datafield tag="300" ind1=" " ind2=" ">
   <subfield code="a">303 Seiten</subfield>
   <subfield code="b">Illustrationen, Karten</subfield>
   <subfield code="c">23 cm</subfield>
  </datafield>
  <datafield tag="336" ind1=" " ind2=" ">
   <subfield code="a">Text</subfield>
   <subfield code="b">txt</subfield>
   <subfield code="2">rdacontent</subfield>
  </datafield>
  <datafield tag="337" ind1=" " ind2=" ">
   <subfield code="a">ohne Hilfsmittel zu benutzen</subfield>
   <subfield code="b">n</subfield>
   <subfield code="2">rdamedia</subfield>
  </datafield>
  <datafield tag="338" ind1=" " ind2=" ">
   <subfield code="a">Band</subfield>
   <subfield code="b">nc</subfield>
   <subfield code="2">rdacarrier</subfield>
  </datafield>
  <datafield tag="490" ind1="0" ind2=" ">
   <subfield code="a">Collection &quot;Architecture&quot;</subfield>
  </datafield>
  <datafield tag="500" ind1=" " ind2=" ">
   <subfield code="a">Bibliographie: Seite [284]-294</subfield>
  </datafield>
  <datafield tag="500" ind1=" " ind2=" ">
   <subfield code="a">Texte remanié d'une habilitation à diriger des recherches soutenue le 26 septembre 2016</subfield>
  </datafield>
  <datafield tag="502" ind1=" " ind2=" ">
   <subfield code="b">Habilitationsschrift</subfield>
   <subfield code="d">2016</subfield>
  </datafield>
  <datafield tag="520" ind1=" " ind2=" ">
   <subfield code="a">Dans la ville corsetée d'Ancien Régime où &quot;les bourgeois sont, pour ainsi dire, les uns sur les autres,&quot; selon Vauban, les terrains situés au-delà de l'enceinte attisent toutes les convoitises. Si l'administration militaire impose officiellement l'établissement d'une zone non aedificandi où toute construction est interdite--vaste anneau périphérique qui ne cesse de s'élargir au cours des XVII et XVIII siècles--l'ensemble des archives dévoile une réalité de terrain bien différente. Au pied des remparts, agents du roi, administrateurs municipaux, gestionnaires militaires et habitants se livrent une guerre sans merci pour s'approprier des espaces que tous considèrent comme légitimes. La zone, souvent interlope, toujours bruyamment revendiquée par la population, bruisse d'infractions et de &quot;petits arrangements&quot; entre voisins de tout rang et de tout bord. Loin du portrait policé qu'offre la cartographie officielle, il n'y est question que de potagers clandestins établis dans les fortifications, de lavoirs, d'étendoirs, de mares à canards et même de futaies à haut vent plantées sur les glacis qui entravent les tirs depuis les bastions. Gendarmer les populations n'est pourtant pas le seul défi auquel doit répondre l'administration militaire. Sur &quot;les dehors&quot; des villes, les ingénieurs du roi se retrouvent confrontés à des travaux pharaoniques impliquant la gestion simultanée d'un grand nombre de corps bâtisseurs et ouvriers, le transport de centaines de milliers de mètres cubes de terre, la construction d'imposants ouvrages militaires et l'établissement de terrains pouvant être rapidement inondés en cas d'attaque. Au fil des décennies, la lente expertise qu'ils acquièrent en fait le principal outil d'un système de modélisation du territoire qui transforme durablement la physionomie des villes. Cet ouvrage traite ainsi de la construction des marges de la ville à l'époque moderne, tout en allant bien au-delà</subfield>
  </datafield>
  <datafield tag="583" ind1="1" ind2=" ">
   <subfield code="a">Archivierung/Langzeitarchivierung gewährleistet</subfield>
   <subfield code="f">FID</subfield>
   <subfield code="2">pdager</subfield>
   <subfield code="5">DE-16</subfield>
  </datafield>
  <datafield tag="655" ind1=" " ind2="7">
   <subfield code="a">Hochschulschrift</subfield>
   <subfield code="0">(DE-588)4113937-9</subfield>
   <subfield code="0">(DE-627)105825778</subfield>
   <subfield code="0">(DE-576)209480580</subfield>
   <subfield code="2">gnd-content</subfield>
  </datafield>
  <datafield tag="689" ind1="0" ind2="0">
   <subfield code="d">g</subfield>
   <subfield code="0">(DE-588)4018145-5</subfield>
   <subfield code="0">(DE-627)106327232</subfield>
   <subfield code="0">(DE-576)208922857</subfield>
   <subfield code="a">Frankreich</subfield>
   <subfield code="2">gnd</subfield>
  </datafield>
  <datafield tag="689" ind1="0" ind2="1">
   <subfield code="d">s</subfield>
   <subfield code="0">(DE-588)4139373-9</subfield>
   <subfield code="0">(DE-627)105635812</subfield>
   <subfield code="0">(DE-576)20969386X</subfield>
   <subfield code="a">Stadtmauer</subfield>
   <subfield code="2">gnd</subfield>
  </datafield>
  <datafield tag="689" ind1="0" ind2="2">
   <subfield code="d">s</subfield>
   <subfield code="0">(DE-588)4069225-5</subfield>
   <subfield code="0">(DE-627)10413142X</subfield>
   <subfield code="0">(DE-576)209175974</subfield>
   <subfield code="a">Befestigung</subfield>
   <subfield code="2">gnd</subfield>
  </datafield>
  <datafield tag="689" ind1="0" ind2="3">
   <subfield code="d">s</subfield>
   <subfield code="0">(DE-588)4002851-3</subfield>
   <subfield code="0">(DE-627)104280352</subfield>
   <subfield code="0">(DE-576)208848975</subfield>
   <subfield code="a">Architektur</subfield>
   <subfield code="2">gnd</subfield>
  </datafield>
  <datafield tag="689" ind1="0" ind2="4">
   <subfield code="a">z</subfield>
   <subfield code="2">gnd</subfield>
   <subfield code="a">Geschichte 1500-1800</subfield>
  </datafield>
  <datafield tag="689" ind1="0" ind2=" ">
   <subfield code="5">(DE-627)</subfield>
  </datafield>
  <datafield tag="700" ind1="1" ind2=" ">
   <subfield code="a">Picon, Antoine</subfield>
   <subfield code="d">1957-</subfield>
   <subfield code="e">VerfasserIn eines Vorworts</subfield>
   <subfield code="0">(DE-588)13995984X</subfield>
   <subfield code="0">(DE-627)614737079</subfield>
   <subfield code="0">(DE-576)165501197</subfield>
   <subfield code="4">wpr</subfield>
  </datafield>
  <datafield tag="787" ind1="0" ind2="8">
   <subfield code="i">Rezensiert in</subfield>
   <subfield code="a">Pietrabissa, Camilla</subfield>
   <subfield code="t">[Rezension von: Émilie d’Orgeix, Au pied du mur. Bâtir le vide autour des villes]</subfield>
   <subfield code="d">2019</subfield>
   <subfield code="w">(DE-627)1801902879</subfield>
  </datafield>
  <datafield tag="856" ind1="4" ind2="2">
   <subfield code="u">https://swbplus.bsz-bw.de/bsz1667456806inh.htm</subfield>
   <subfield code="m">V:DE-576;B:DE-16</subfield>
   <subfield code="q">application/pdf</subfield>
   <subfield code="v">20190702154908</subfield>
   <subfield code="3">Inhaltsverzeichnis</subfield>
  </datafield>
  <datafield tag="936" ind1="b" ind2="k">
   <subfield code="a">21.73</subfield>
   <subfield code="j">Stadtbaugeschichte</subfield>
   <subfield code="j">Geschichte ländlicher Siedlungen</subfield>
   <subfield code="0">(DE-627)106409948</subfield>
  </datafield>
  <datafield tag="936" ind1="b" ind2="k">
   <subfield code="a">21.71</subfield>
   <subfield code="j">Geschichte öffentlicher Bauten</subfield>
   <subfield code="0">(DE-627)106421263</subfield>
  </datafield>
  <datafield tag="951" ind1=" " ind2=" ">
   <subfield code="a">BO</subfield>
  </datafield>
  <datafield tag="990" ind1=" " ind2=" ">
   <subfield code="a">Frankreich</subfield>
  </datafield>
  <datafield tag="990" ind1=" " ind2=" ">
   <subfield code="a">Stadtmauer</subfield>
  </datafield>
  <datafield tag="990" ind1=" " ind2=" ">
   <subfield code="a">Befestigung</subfield>
  </datafield>
  <datafield tag="990" ind1=" " ind2=" ">
   <subfield code="a">Architektur</subfield>
  </datafield>
  <datafield tag="990" ind1=" " ind2=" ">
   <subfield code="a">Geschichte 1500-1800</subfield>
  </datafield>
  <datafield tag="991" ind1=" " ind2=" ">
   <subfield code="a">Rezensiertes Werk</subfield>
  </datafield>
  <datafield tag="999" ind1=" " ind2=" ">
   <subfield code="a">KXP-PPN1667456806</subfield>
   <subfield code="e">4156211886</subfield>
  </datafield>
 </record>
</collection>
